[Event "Cto Aragon Equipos Pref Gr I "]
[Site "Aragon"]
[Date "2018.01.27"]
[Round "1.50"]
[White "Rodriguez Aranda, Kevin"]
[Black "Fuentes Espuna, Juan Antonio"]
[Result "0-1"]
[WhiteElo "1734"]
[BlackElo "1958"]
[PlyCount "98"]
[EventDate "2018.??.??"]
[EventType "tourn"]
[EventRounds "9"]
[EventCountry "ESP"]

1. e4 c5 2. Nf3 Nc6 3. d4 cxd4 4. Nxd4 g6 5. c4 Bg7 6. Be3 Nf6 7. Nc3 O-O 8.
Be2 d6 9. O-O Nxd4 10. Bxd4 Be6 11. e5 dxe5 12. Bxe5 Qa5 13. Nb5 Rac8 14. Bc3
Qa6 15. c5 Rxc5 16. Nd4 Qb6 17. Nxe6 Qxe6 18. Re1 Qc8 19. Bf3 Re8 20. Qa4 e5
21. Qxa7 Nd5 22. Bxd5 Rxd5 23. Rac1 Qd7 24. Rc2 Bf8 25. Qe3 Bc5 26. Qe4 b5 27.
b4 Bd4 28. g4 Bxc3 29. Rxc3 Rd4 30. Qe3 Rxg4+ 31. Kh1 Rxb4 32. Qc5 Qb7+ 33. f3
Rc4 34. Rxe5 Rxc5 35. Rxe8+ Kg7 36. Rxc5 Qxf3+ 37. Kg1 Qd1+ 38. Kg2 Qd2+ 39.
Kh1 Qxa2 40. Ree5 b4 41. Rb5 b3 42. Re7 Qb1+ 43. Kg2 Qc2+ 44. Kg1 Qd1+ 45. Kf2
Qd4+ 46. Kg2 Qg4+ 47. Kf2 Qf4+ 48. Kg2 Qg4+ 49. Kf2 Qh4+ 0-1

[Event "Cto Aragon Equipos Pref Gr I "]
[Site "Aragon"]
[Date "2018.01.27"]
[Round "1.51"]
[White "Puertolas Serena, Arturo"]
[Black "Arrieta Restrepo, Steven"]
[Result "0-1"]
[WhiteElo "1837"]
[BlackElo "1687"]
[PlyCount "126"]
[EventDate "2018.??.??"]
[EventType "tourn"]
[EventRounds "9"]
[EventCountry "ESP"]

1. d4 Nf6 2. Nf3 e6 3. Bg5 Be7 4. e3 d5 5. Bd3 c5 6. c3 Nc6 7. Nbd2 O-O 8. O-O
c4 9. Bc2 b5 10. e4 a5 11. e5 Ne8 12. Bxe7 Qxe7 13. h4 h6 14. Re1 b4 15. Nf1
Nc7 16. Rc1 Rb8 17. Bb1 bxc3 18. bxc3 Qa3 19. Qc2 g6 20. Re2 Ne7 21. h5 Bd7 22.
hxg6 fxg6 23. Qd2 Kg7 24. Ne3 h5 25. Nh4 Be8 26. Nc2 Qb2 27. Qe3 Rb6 28. Ne1
Qa3 29. Qg5 Nf5 30. Nxf5+ exf5 31. Qd2 Ba4 32. Nf3 Rfb8 33. Ree1 Rb2 34. Qg5
Qf8 35. Nh4 Be8 36. e6 R8b6 37. Nxf5+ Kh7 38. e7 Qf6 39. Qh6+ Kg8 40. Qf8+ Qxf8
41. exf8=Q+ Kxf8 42. Nh4 Nb5 43. Rxe8+ Kxe8 44. Bxg6+ Kd8 45. Bxh5 Rh6 46. g4
Rf6 47. Nf5 Rxa2 48. Re1 Nxc3 49. Re8+ Kd7 50. Re7+ Kc6 51. Be8+ Kb6 52. Bd7
Re2 53. Rg7 Ne4 54. f3 Nd6 55. Kf1 Nxf5 56. Bxf5 Rd2 57. Rg8 Kb5 58. Rb8+ Rb6
59. Bd7+ Ka6 60. Rxb6+ Kxb6 61. g5 c3 62. Ke1 Rg2 63. Bg4 c2 0-1

[Event "Cto Aragon Equipos Pref Gr I "]
[Site "Aragon"]
[Date "2018.01.27"]
[Round "1.52"]
[White "Mendoza Barcia, Pedro"]
[Black "Nebot Vidal, Antonio Jose"]
[Result "1-0"]
[WhiteElo "1686"]
[BlackElo "1800"]
[PlyCount "87"]
[EventDate "2018.??.??"]
[EventType "tourn"]
[EventRounds "9"]
[EventCountry "ESP"]

1. e4 e6 2. d4 d5 3. Nc3 Nf6 4. Bd3 c5 5. Nf3 h6 6. O-O Nc6 7. Be3 Be7 8. dxc5
O-O 9. exd5 exd5 10. h3 Qc7 11. a3 a5 12. Qd2 Be6 13. Rad1 Rfd8 14. Na4 Ne4 15.
Qc1 Bf6 16. Nb6 Rab8 17. Rfe1 g5 18. c4 Qe7 19. cxd5 Bxd5 20. Nxd5 Rxd5 21.
Bxe4 Rxd1 22. Qxd1 Qxe4 23. Bxg5 Qf5 24. Bxh6 Qxc5 25. Qe2 Rd8 26. Be3 Qd5 27.
Nh2 Kh7 28. Ng4 Bg7 29. Qc2+ Kg8 30. Bb6 Rc8 31. Be3 Re8 32. Rd1 Qb5 33. Rd2 f5
34. Nh6+ Bxh6 35. Bxh6 Qe5 36. f4 Qe6 37. Bg5 Kh7 38. Kh2 Rc8 39. Qd1 b5 40.
Rd6 Qe4 41. Qh5+ Kg8 42. Rg6+ Kf8 43. Qh8+ Kf7 44. Qh7+ 1-0

[Event "Cto Aragon Equipos Pref Gr II"]
[Site "Aragon"]
[Date "2018.01.27"]
[Round "1.53"]
[White "Escartin Buisan, Francisco Javie"]
[Black "Garcia Morales, Roberto"]
[Result "0-1"]
[WhiteElo "1788"]
[BlackElo "2066"]
[PlyCount "45"]
[EventDate "2018.??.??"]
[EventType "tourn"]
[EventRounds "9"]
[EventCountry "ESP"]

1. c4 Nf6 2. Nc3 e6 3. e4 c5 4. g3 Nc6 5. Bg2 d6 6. Nge2 Be7 7. O-O a6 8. d4
cxd4 9. Nxd4 Bd7 10. Be3 Ne5 11. b3 Qa5 12. Nce2 Rd8 13. h3 O-O 14. f4 Ng6 15.
Kh2 Be8 16. f5 Ne5 17. Bd2 Qc5 18. fxe6 fxe6 19. Nxe6 Nfg4+ (19... Neg4+ 20.
Kh1 Nf2+ 21. Rxf2 Qxf2 22. Nxf8 Bxf8 23. Bc3 Nh5 24. Qd3 Qxe2 25. Qd5+ Bf7 26.
Qa5 Re8 27. g4 Ng3+ 28. Kh2 Nxe4 29. Re1) 20. Kh1 Nf2+ 21. Rxf2 Qxf2 22. Nxf8
Bxf8 23. Bc3 0-1

[Event "Cto Aragon Equipos Pref Gr II"]
[Site "Aragon"]
[Date "2018.01.27"]
[Round "1.55"]
[White "Pardo Calvo, Carlos"]
[Black "Larrosa Poves, Jose Manuel"]
[Result "0-1"]
[WhiteElo "1712"]
[BlackElo "1953"]
[PlyCount "35"]
[EventDate "2018.??.??"]
[EventType "tourn"]
[EventRounds "9"]
[EventCountry "ESP"]

1. e4 c5 2. Nf3 e6 3. d4 cxd4 4. Nxd4 Nf6 5. Nc3 Bb4 6. Bd3 Nc6 7. Nxc6 bxc6 8.
Bd2 d5 9. a3 Bxc3 10. Bxc3 dxe4 11. Bc4 Qxd1+ 12. Rxd1 O-O 13. Bb4 Re8 14. Bc5
Nd5 15. O-O Bb7 16. Rfe1 f5 17. Bb3 Red8 18. Rxd5 (18. Rd4 Kf7 19. Red1 Ke8 20.
c4 Nf4 21. Rxd8+ Rxd8 22. Rxd8+ Kxd8 23. Bxa7 Nd3 24. Bd4 e5 25. Bc3 Ke7 26.
Kf1 c5 27. Ba4 f4 28. Ke2 g5 29. Bc2 Kd6 30. Bxd3 exd3+ 31. Kxd3 Bxg2 32. Ke2
g4 33. b4 h5 34. bxc5+ Ke6 35. a4 h4 36. a5 h3 37. c6 Bxc6 38. Kf1 g3 39. Kg1
gxf2+ 40. Kxf2 e4 41. Bd4 Bb7 42. Bb6 Ba6 43. c5 Bb7 44. Bc7 Kf5 45. Bd6 e3+
46. Kf1 Ke4 47. c6 Bxc6 48. a6 Bb5+ 49. Kg1 Bxa6 50. Bb4 f3 51. Be1 Kd3 52. Kf1
Kc2+ 53. Kg1 Kd1 54. Bg3 Ke2 55. Kh1 Bb7 56. Kg1 f2+) 0-1

[Event "Cto Aragon Equipos Pref Gr II"]
[Site "Aragon"]
[Date "2018.01.27"]
[Round "1.56"]
[White "Lopez Guaita, Fernando"]
[Black "Bellon Villa, Antonio"]
[Result "1-0"]
[WhiteElo "1869"]
[BlackElo "1454"]
[PlyCount "53"]
[EventDate "2018.??.??"]
[EventType "tourn"]
[EventRounds "9"]
[EventCountry "ESP"]

1. e4 e5 2. Nc3 Nf6 3. Bc4 c6 4. Nf3 d5 5. exd5 cxd5 6. Bb5+ Nc6 7. Nxe5 Qe7 8.
d4 Bd7 9. O-O a6 10. Bxc6 bxc6 11. Re1 O-O-O 12. Nxc6 Qd6 13. Ne5 Be6 14. Bf4
Qb6 15. Na4 Qb5 16. b3 Bd6 17. c4 dxc4 18. bxc4 Qb7 19. Rb1 Bb4 20. Re3 g5 21.
Bg3 Bd7 22. a3 Bxa4 23. Qxa4 Rxd4 24. Rxb4 Rhd8 25. h3 Rd1+ 26. Kh2 Qa8 27. Nc6
1-0

[Event "Cto Aragon Equipos Pref Gr II"]
[Site "Aragon"]
[Date "2018.01.27"]
[Round "1.57"]
[White "Melendez Fierro, Juan Bautista"]
[Black "Planas Torrea, Francisco Javier"]
[Result "1/2-1/2"]
[WhiteElo "2117"]
[BlackElo "2029"]
[PlyCount "53"]
[EventDate "2018.??.??"]
[EventType "tourn"]
[EventRounds "9"]
[EventCountry "ESP"]

1. Nf3 Nf6 2. d4 g6 3. g3 Bg7 4. Bg2 O-O 5. O-O d5 6. c4 c6 7. cxd5 cxd5 8. Nc3
Nc6 9. Ne5 e6 10. f4 Bd7 11. Be3 Ne7 12. Bf2 Nf5 13. Rc1 Nd6 14. Qd3 b5 15. b3
b4 16. Nxd7 Qxd7 17. Na4 Qb5 18. Qxb5 Nxb5 19. Rc6 Ng4 20. e3 Rac8 21. Rcc1 Nc3
22. Nxc3 Rxc3 23. Rxc3 bxc3 24. Rc1 Nxf2 25. Kxf2 Rc8 26. Ke2 Bf8 27. Kd3
1/2-1/2

[Event "Cto Aragon Equipos Pref Gr II"]
[Site "Aragon"]
[Date "2018.01.27"]
[Round "1.58"]
[White "Planas Torrea, Alberto"]
[Black "Gracia Campo, Carlos Alberto"]
[Result "0-1"]
[WhiteElo "1941"]
[BlackElo "2058"]
[PlyCount "126"]
[EventDate "2018.??.??"]
[EventType "tourn"]
[EventRounds "9"]
[EventCountry "ESP"]

1. e4 d6 2. d4 Nf6 3. Nc3 g6 4. h3 Bg7 5. Be3 O-O 6. Nge2 Nbd7 7. g4 c5 8. Bg2
Rb8 9. a4 b6 10. O-O Bb7 11. Ng3 cxd4 12. Bxd4 Nc5 13. f4 Nfd7 14. Bxg7 Kxg7
15. b4 Ne6 16. Qd2 a5 17. f5 axb4 18. fxe6 bxc3 19. Qd4+ Ne5 20. exf7 Qc7 21.
Ne2 Qc5 22. Qxc5 bxc5 23. Nxc3 Ba6 24. Rfb1 Kxf7 25. Bf1 Bxf1 26. Rxf1+ Ke6 27.
Rxf8 Rxf8 28. a5 Kd7 29. a6 Kc6 30. Nd5 e6 31. a7 Ra8 32. Nf6 h6 33. Ng8 h5 34.
gxh5 gxh5 35. Nf6 h4 36. Ra6+ Kc7 37. Kg2 Nc4 38. Kf3 Kb7 39. Ra4 Nb6 40. Ra1
Rf8 41. Kg4 Rxf6 42. Kxh4 Ka8 43. Kg5 Nd7 44. h4 Rf2 45. Ra6 Nf8 46. h5 Rxc2
47. Rxd6 Kxa7 48. h6 Rf2 49. Rc6 Rg2+ 50. Kf6 Kb7 51. Rd6 Kc7 52. Ra6 Kb7 53.
Rd6 c4 54. Rd8 Rg6+ 55. Kf7 Rxh6 56. Rxf8 e5 57. Re8 c3 58. Rxe5 c2 59. Rc5 Rc6
60. Rxc2 Rxc2 61. e5 Kc7 62. Ke7 Re2 63. e6 Re3 0-1

[Event "Cto Aragon Equipos Pref Gr II"]
[Site "Aragon"]
[Date "2018.01.27"]
[Round "1.59"]
[White "Bailo Remacha, Santiago"]
[Black "Marcellan Peire, Jesus Eduardo"]
[Result "1-0"]
[WhiteElo "1982"]
[BlackElo "1934"]
[PlyCount "91"]
[EventDate "2018.??.??"]
[EventType "tourn"]
[EventRounds "9"]
[EventCountry "ESP"]

1. c4 Nf6 2. b3 e6 3. Bb2 b6 4. Nf3 Bb7 5. g3 c5 6. Bg2 Be7 7. O-O O-O 8. d4
cxd4 9. Qxd4 Nc6 10. Qf4 d5 11. Rd1 Qb8 12. Ne5 Bd6 13. Nxc6 Bxc6 14. Qg5 h6
15. Qh4 Be5 16. Nc3 Qb7 17. f4 Bd6 18. cxd5 Bc5+ 19. Kf1 exd5 20. Na4 d4 21.
Qh3 Rad8 22. Rac1 Nd5 23. Kf2 Ne3 24. Bxc6 Nxd1+ 25. Rxd1 Qxc6 26. Qf5 Rd5 27.
Qd3 Re8 28. Bc1 Re3 29. Qa6 Rxe2+ 30. Kxe2 Qe6+ 31. Kf3 g5 32. Qd3 g4+ 33. Kg2
Qc6 34. Kg1 Bb4 35. Qc4 Qd6 36. Qc8+ Kh7 37. Qxg4 b5 38. Nb2 d3 39. Nxd3 Bc5+
40. Kf1 f5 41. Qf3 Bb6 42. Nf2 Rxd1+ 43. Qxd1 Qc5 44. Qd7+ Kg6 45. Qe8+ Kh7 46.
Qf7+ 1-0

[Event "Cto Aragon Equipos Pref Gr II"]
[Site "Aragon"]
[Date "2018.01.27"]
[Round "1.60"]
[White "Merin Flores, Miguel Angel"]
[Black "Arinez Bruna, Octavio"]
[Result "0-1"]
[WhiteElo "1737"]
[BlackElo "1906"]
[PlyCount "158"]
[EventDate "2018.??.??"]
[EventType "tourn"]
[EventRounds "9"]
[EventCountry "ESP"]

1. d4 Nf6 2. Nf3 c5 3. e3 g6 4. Be2 Bg7 5. O-O b6 6. Re1 Bb7 7. Nbd2 O-O 8. c3
Qc7 9. Bd3 d5 10. Qc2 Nbd7 11. Nf1 e5 12. Bb5 e4 13. N3d2 Rac8 14. Qa4 a6 15.
Bxd7 Nxd7 16. Ng3 c4 17. Ndf1 b5 18. Qd1 a5 19. h3 f5 20. Nh2 Rf7 21. Ne2 Bf8
22. Nf4 Qd6 23. Bd2 Bh6 24. Ne2 Nb6 25. Rb1 Bc6 26. Rf1 Rcf8 27. f3 Qe7 28. f4
g5 29. Qe1 Rg7 30. Rf2 Kh8 31. Qf1 Bd7 32. Kh1 g4 33. g3 Qf7 34. h4 Rg6 35. Qd1
Bg7 36. Nf1 Bf6 37. Rh2 Be7 38. Be1 Ra8 39. Kg2 Qe8 40. Bf2 b4 41. Nd2 Ba4 42.
Qc1 Bd7 43. Rh1 Na4 44. Qd1 Rb8 45. Qc1 Rgb6 46. Qc2 Qc8 47. Rhc1 Qb7 48. Be1
Bb5 49. Kf2 b3 50. axb3 cxb3 51. Qxb3 Bxe2 52. Qxa4 Bd3 53. Ra1 Rxb2 54. Qxa5
Rb5 55. Qa4 Rb2 56. Qa7 Kg7 57. Ra5 Qxa7 58. Rxa7 Kf6 59. Rca1 Rc2 60. R1a2
Rbb2 61. Rxb2 Rxb2 62. Ra8 Rc2 63. Ra7 Ke6 64. Rb7 Ba3 65. Rxh7 Bc1 66. Rg7
Bxd2 67. Bxd2 Rxd2+ 68. Kg1 Rd1+ 69. Kh2 Be2 70. Kg2 Bf3+ 71. Kf2 Rd2+ 72. Kg1
Rg2+ 73. Kf1 Rxg3 74. Rg6+ Kf7 75. Rd6 Rh3 76. Rxd5 Ke6 77. Re5+ Kf6 78. c4 g3
79. d5 Rh1# 0-1

[Event "Cto Aragon Equipos Pref Gr II"]
[Site "Aragon"]
[Date "2018.01.27"]
[Round "1.61"]
[White "Torcal Miguel, Oscar"]
[Black "Gaspar Calvo, Luis Alberto"]
[Result "1/2-1/2"]
[WhiteElo "2210"]
[BlackElo "1915"]
[PlyCount "125"]
[EventDate "2018.??.??"]
[EventType "tourn"]
[EventRounds "9"]
[EventCountry "ESP"]

1. e4 c5 2. Nf3 Nc6 3. d3 e6 4. g3 Nf6 5. Bg2 d5 6. Qe2 Be7 7. O-O O-O 8. e5
Nd7 9. c4 d4 10. h4 Rb8 11. Bf4 a6 12. Nh2 Qc7 13. Re1 b5 14. b3 bxc4 15. bxc4
Bb7 16. h5 Nb4 17. Bxb7 Rxb7 18. Ng4 Rfb8 19. a3 Nc6 20. Nd2 Rb2 21. Qe4 Na5
22. Red1 Qb7 23. Qxb7 R8xb7 24. Ne4 Nc6 25. Kg2 f5 26. exf6 gxf6 27. Nh2 e5 28.
Bh6 f5 29. Nd2 Nf6 30. g4 fxg4 31. Kg3 Nxh5+ 32. Kxg4 Nf6+ 33. Kf5 Kf7 34. Nhf3
Bd6 35. Ng5+ Ke7 36. Nge4 Nxe4 37. Nxe4 Kd7 38. Rg1 Ne7+ 39. Kf6 Ng6 40. Rh1
Kc6 41. Ke6 Re7+ 42. Kf6 Rbb7 43. Rab1 Rf7+ 44. Kg5 Nf4 45. Rxb7 Rxb7 46. Nxd6
Kxd6 47. Bf8+ Kc6 48. Kf6 Nxd3 49. Rh6 Rd7 50. Kf5+ Kb7 51. Ke6 Rc7 52. Bd6 Rg7
53. Kd5 Nxf2 54. Bxc5 Rd7+ 55. Bd6 d3 56. c5 Rxd6+ 57. Kxd6 d2 58. Rxh7+ Kb8
59. Rh8+ Kb7 60. Rh7+ Kb8 61. Rh8+ Ka7 62. Rh7+ Kb8 63. Rh8+ 1/2-1/2

[Event "Cto Aragon Equipos Pref Gr II"]
[Site "Aragon"]
[Date "2018.01.27"]
[Round "1.62"]
[White "Obon Zuniga, Francisco"]
[Black "Millan Martin, Alfonso"]
[Result "1/2-1/2"]
[WhiteElo "1796"]
[BlackElo "1931"]
[PlyCount "89"]
[EventDate "2018.??.??"]
[EventType "tourn"]
[EventRounds "9"]
[EventCountry "ESP"]

1. d4 Nf6 2. c4 c5 3. d5 b5 4. Nf3 g6 5. g3 Bg7 6. Bg2 d6 7. O-O b4 8. Re1 O-O
9. e4 Nfd7 10. Qc2 a5 11. Bf4 Ne5 12. Nxe5 Bxe5 13. Bxe5 dxe5 14. Nd2 Qd6 15.
Rad1 Ra7 16. f4 Nd7 17. Nf3 a4 18. Qf2 f6 19. Qd2 Ba6 20. Rc1 Kg7 21. Bh3 h6
22. Be6 Nb6 23. b3 axb3 24. axb3 Bc8 25. Bxc8 Rxc8 26. fxe5 fxe5 27. Qb2 Nd7
28. Ra1 Rca8 29. Rxa7 Rxa7 30. Ra1 Rxa1+ 31. Qxa1 e6 32. Qa8 exd5 33. Qxd5 Qxd5
34. exd5 Kf6 35. Kf2 e4 36. Nd2 Ke5 37. Ke3 Nf6 38. h3 h5 39. d6 Kxd6 40. Nxe4+
Nxe4 41. Kxe4 Ke6 42. h4 Kd6 43. Kf4 Ke6 44. Kg5 Kf7 45. Kf4 1/2-1/2

[Event "Cto Aragon Equipos Pref Gr II"]
[Site "Aragon"]
[Date "2018.01.27"]
[Round "1.63"]
[White "Villalba Embid, Marcos"]
[Black "Lopez Lozano, David"]
[Result "1-0"]
[WhiteElo "1874"]
[BlackElo "1722"]
[PlyCount "71"]
[EventDate "2018.??.??"]
[EventType "tourn"]
[EventRounds "9"]
[EventCountry "ESP"]

1. e4 c5 2. Nf3 Nc6 3. d4 cxd4 4. Nxd4 a6 5. Nc3 g6 6. Be3 Bg7 7. Bc4 Nf6 8. f3
d6 9. Qd2 Nxd4 10. Bxd4 Qc7 11. Bb3 Be6 12. O-O-O O-O 13. Kb1 b5 14. h4 Bxb3
15. cxb3 b4 16. Bxf6 exf6 17. Nd5 Qc5 18. h5 Rab8 19. Ne7+ Kh8 20. hxg6 fxg6
21. Rxh7+ Kxh7 22. Rh1+ Qh5 23. Rxh5+ gxh5 24. Qd5 Rb5 25. Qxd6 Rg5 26. Qh2 Rc5
27. Nf5 Bh6 28. a4 Rc1+ 29. Ka2 Rg8 30. Nxh6 Rc2 31. Nf5 Rgxg2 32. Qxh5+ Kg8
33. Qe8+ Kh7 34. Qf7+ Kh8 35. Qxf6+ Kh7 36. Ne3 1-0

[Event "Cto Aragon Equipos Pref Gr II"]
[Site "Aragon"]
[Date "2018.01.27"]
[Round "1.64"]
[White "Perez Tomas, Juan Manuel"]
[Black "Carrasquer Munoz, Alberto"]
[Result "0-1"]
[WhiteElo "1679"]
[BlackElo "1748"]
[PlyCount "68"]
[EventDate "2018.??.??"]
[EventType "tourn"]
[EventRounds "9"]
[EventCountry "ESP"]

1. e4 c6 2. d3 d5 3. e5 Bf5 4. Nf3 e6 5. c3 c5 6. d4 Nd7 7. g3 Ne7 8. Bg2 Nc6
9. a4 cxd4 10. Nxd4 Bxb1 11. Nxc6 bxc6 12. Rxb1 Nxe5 13. Bf4 Ng6 14. Be3 a5 15.
O-O Rb8 16. Bd4 c5 17. Be3 Qc7 18. f4 Ne7 19. Re1 g6 20. Bf2 Bg7 21. Qd2 O-O
22. b4 cxb4 23. cxb4 axb4 24. Rec1 Qa5 25. Bd4 Bxd4+ 26. Qxd4 Qxa4 27. g4 Qb5
28. Kh1 Rfc8 29. Qf6 Qd7 30. Bh3 Rxc1+ 31. Rxc1 d4 32. f5 b3 33. fxe6 Qxe6 34.
Qf4 Rd8 0-1

[Event "Cto Aragon Equipos Pref Gr II"]
[Site "Aragon"]
[Date "2018.01.27"]
[Round "1.65"]
[White "Oms Pallisse, Josep"]
[Black "Cajo Esteban, Ruben"]
[Result "1-0"]
[WhiteElo "2431"]
[BlackElo "1892"]
[PlyCount "57"]
[EventDate "2018.??.??"]
[EventType "tourn"]
[EventRounds "9"]
[EventCountry "ESP"]

1. d4 d5 2. c4 e6 3. Nc3 Nf6 4. cxd5 exd5 5. Bg5 Be7 6. e3 c6 7. Bd3 O-O 8. Qc2
h6 9. Bh4 Bg4 10. h3 Be6 11. Nf3 Nbd7 12. O-O Re8 13. Bg3 Rc8 14. Rad1 Qa5 15.
a3 a6 16. Ne5 Nxe5 17. dxe5 Nd7 18. f4 d4 19. exd4 Qb6 20. Qf2 Bb3 21. Bc2 Bc4
22. Rfe1 Nc5 23. b4 Ne6 24. f5 Nc7 25. f6 Bf8 26. fxg7 Bxg7 27. Ne4 Rcd8 28.
Bh4 Rd5 29. Nf6+ 1-0

[Event "Cto Aragon Equipos Pref Gr II"]
[Site "Aragon"]
[Date "2018.01.27"]
[Round "1.66"]
[White "Garcia Garcia, Enrique"]
[Black "Barranco Mananet, Fernando"]
[Result "1/2-1/2"]
[WhiteElo "1726"]
[BlackElo "2026"]
[PlyCount "85"]
[EventDate "2018.??.??"]
[EventType "tourn"]
[EventRounds "9"]
[EventCountry "ESP"]

1. d4 Nf6 2. c4 e6 3. Nf3 d5 4. Nc3 dxc4 5. Bg5 Be7 6. e3 h6 7. Bh4 O-O 8. Bxc4
Nbd7 9. O-O b6 10. Bg3 Nh5 11. Be5 Bb7 12. d5 exd5 13. Bxd5 Bxd5 14. Qxd5 Nhf6
15. Qc6 Nxe5 16. Nxe5 Qd6 17. Qxd6 Bxd6 18. Nc4 Bb4 19. Nb5 a6 20. Nd4 Rfe8 21.
Nc6 Bc5 22. Rfd1 b5 23. N4a5 Bb6 24. Nb3 Re6 25. Nbd4 Bxd4 26. Nxd4 Rd6 27. Nf5
Rxd1+ 28. Rxd1 c5 29. Kf1 Kf8 30. Ke2 g6 31. Ng3 Ke7 32. e4 Rd8 33. Rxd8 Kxd8
34. f3 Ke7 35. Ke3 Ke6 36. Ne2 g5 37. h3 Nd7 38. b3 f5 39. exf5+ Kxf5 40. Ng3+
Ke5 41. Ne4 Kd5 42. Nc3+ Ke5 43. Ne4 1/2-1/2

[Event "Cto Aragon Equipos Pref Gr II"]
[Site "Aragon"]
[Date "2018.01.27"]
[Round "1.67"]
[White "Hidalgo Gracia, Andres"]
[Black "Muro Guerrero, Miguel"]
[Result "1-0"]
[WhiteElo "1774"]
[BlackElo "1701"]
[PlyCount "65"]
[EventDate "2018.??.??"]
[EventType "tourn"]
[EventRounds "9"]
[EventCountry "ESP"]

1. c4 c5 2. Nc3 Nc6 3. Nf3 g6 4. g3 Bg7 5. Bg2 e6 6. O-O Nge7 7. e3 O-O 8. d4
cxd4 9. Nxd4 Nxd4 10. exd4 Qc7 11. Qd3 Nc6 12. Nb5 Qd8 13. Bf4 a6 14. Nc7 Ra7
15. Bd6 b6 16. Bxf8 Bxf8 17. Nxe6 fxe6 18. d5 Ne5 19. Qe2 Bg7 20. Rfd1 Qf6 21.
Rac1 d6 22. dxe6 Bxe6 23. Rxd6 Rd7 24. Rxb6 Qe7 25. b3 Bg4 26. Qe3 Rd3 27. Bd5+
Kh8 28. Rb8+ Bf8 29. Qf4 Bf5 30. h3 Qd6 31. Rxf8+ Qxf8 32. Qxe5+ Qg7 33. Qe8+
1-0

[Event "Cto Aragon Equipos Pref Gr II"]
[Site "Aragon"]
[Date "2018.01.27"]
[Round "1.68"]
[White "Abenia Porroche, Roberto"]
[Black "Garreta Nieto, Maria"]
[Result "0-1"]
[WhiteElo "1681"]
[BlackElo "1734"]
[PlyCount "52"]
[EventDate "2018.??.??"]
[EventType "tourn"]
[EventRounds "9"]
[EventCountry "ESP"]

1. Nf3 d5 2. d4 Nf6 3. g3 Bf5 4. Bg2 e6 5. O-O c5 6. c3 Nc6 7. Qb3 Rb8 8. Bf4
Bd6 9. Bxd6 Qxd6 10. Nbd2 O-O 11. dxc5 Qxc5 12. Nh4 Bg4 13. e4 Rfd8 14. h3 dxe4
15. hxg4 Rxd2 16. Bh3 Ne5 17. Rad1 Rbd8 18. Rxd2 Rxd2 19. Qxb7 h6 20. b4 Qxc3
21. Qxa7 Qxb4 22. a4 Ra2 23. Rd1 Nd3 24. Rf1 Rxa4 25. Qe3 Ra2 26. g5 Nd5 0-1

[Event "Cto Aragon Equipos Pref Gr II"]
[Site "Aragon"]
[Date "2018.01.27"]
[Round "1.70"]
[White "Rodes Apilluelo, Jose Maria"]
[Black "Sacristan Latorre, Alberto"]
[Result "0-1"]
[WhiteElo "1976"]
[BlackElo "2055"]
[PlyCount "62"]
[EventDate "2018.??.??"]
[EventType "tourn"]
[EventRounds "9"]
[EventCountry "ESP"]

1. e4 c5 2. Nf3 d6 3. d3 g6 4. g3 Bg7 5. Bg2 Nc6 6. O-O e5 7. Nc3 Nge7 8. Nh4
O-O 9. f4 f5 10. exf5 Nxf5 11. Nxf5 Bxf5 12. Nd5 Qd7 13. c3 Rae8 14. Ne3 Be6
15. Nd5 Bg4 16. Qb3 Kh8 17. Ne3 Be2 18. fxe5 Bxf1 19. Nxf1 Nxe5 20. Qd1 Qf5 21.
Bf4 b6 22. Be4 Qf7 23. Qc2 g5 24. Bxe5 Rxe5 25. c4 Re7 26. Qg2 Bd4+ 27. Kh1 Qf2
28. Nd2 Qxg2+ 29. Bxg2 Re2 30. Ne4 Bxb2 31. Rd1 Be5 0-1

[Event "Cto Aragon Equipos Pref Gr II"]
[Site "Aragon"]
[Date "2018.01.27"]
[Round "1.71"]
[White "Gomez Salinas, Nestor"]
[Black "Sanjulian Arruga, Pablo"]
[Result "1-0"]
[WhiteElo "1976"]
[BlackElo "1788"]
[PlyCount "71"]
[EventDate "2018.??.??"]
[EventType "tourn"]
[EventRounds "9"]
[EventCountry "ESP"]

1. e4 c5 2. Nf3 g6 3. d4 cxd4 4. Nxd4 Bg7 5. Nc3 Nc6 6. Be3 Nf6 7. Be2 O-O 8.
Qd2 d5 9. Nxc6 bxc6 10. e5 Ne4 11. Nxe4 dxe4 12. Qc3 Qc7 13. Bf4 f6 14. Qc4+
Kh8 15. exf6 Qxf4 16. fxg7+ Kxg7 17. O-O Qe5 18. Qxc6 Be6 19. Bc4 Bxc4 20. Qxc4
Rac8 21. Qa4 Qxb2 22. Rab1 Qxc2 23. Qxa7 Rc7 24. Qd4+ Kg8 25. Rb2 Qd3 26. Qe5
Rd7 27. Rb4 Ra8 28. Qe6+ Kg7 29. a4 Rda7 30. Rxe4 Qd6 31. Qa2 Qc6 32. Rfe1 Qf6
33. Qa3 Re8 34. Qe3 Rc7 35. Re6 Qf7 36. Qe5+ 1-0

[Event "Cto Aragon Equipos Pref Gr II"]
[Site "Aragon"]
[Date "2018.01.27"]
[Round "1.72"]
[White "Lazaro Abadias, Andres"]
[Black "Sacristan Latorre, Carlos"]
[Result "1/2-1/2"]
[WhiteElo "1478"]
[BlackElo "1637"]
[PlyCount "154"]
[EventDate "2018.??.??"]
[EventType "tourn"]
[EventRounds "9"]
[EventCountry "ESP"]

1. e4 c5 2. Nf3 d6 3. d4 cxd4 4. Nxd4 Nf6 5. Nc3 a6 6. Be3 Nbd7 7. f3 Qc7 8.
Qd2 e6 9. O-O-O b5 10. g4 Bb7 11. h4 Rc8 12. h5 Ne5 13. Rh3 d5 14. g5 b4 15.
Ncb5 axb5 16. gxf6 gxf6 17. Bxb5+ Nd7 18. Ba4 Kd8 19. exd5 Bxd5 20. Bb3 Bc6 21.
Bxe6 Qd6 22. Nxc6+ Rxc6 23. Qxd6 Rxd6 24. Rxd6 Bxd6 25. Bxf7 Ne5 26. Bd5 Ke7
27. Rh4 Rc8 28. Re4 Kd8 29. Bb6+ Kd7 30. f4 Nd3+ 31. Kd2 Nxf4 32. Be3 Nxd5 33.
Bf2 Be5 34. b3 Nc3 35. Rxb4 Nxa2 36. Rb7+ Rc7 37. Rb6 Nc3 38. Bh4 Ke7 39. Ra6
Ne4+ 40. Kd1 Nc5 41. Ra5 Ne6 42. Rxe5 Kf7 43. Rf5 Nd4 44. Rxf6+ Kg7 45. Rf2 Kh6
46. Bf6 Nb5 47. Bb2 Na7 48. Rf5 Nc6 49. Ba3 Rd7+ 50. Ke1 Kg7 51. h6+ Kg6 52.
Rf4 Nd8 53. Bc1 Ne6 54. Rg4+ Kf5 55. Rg2 Re7 56. Kf1 Ra7 57. c4 Kf6 58. Bb2+
Kf5 59. Ke1 Ke4 60. Rg3 Kf5 61. Ke2 Nf4+ 62. Kf3 Ne6 63. Rg4 Ng5+ 64. Kg3 Ne6
65. b4 Ng5 66. c5 Ne6 67. Bg7 Ng5 68. Bf8 Rd7 69. Bd6 Ne4+ 70. Kh4 Nxd6 71.
cxd6 Rxd6 72. Rg5+ Kf4 73. Rg4+ Kf5 74. Kh5 Rd1 75. b5 Rh1+ 76. Rh4 Rb1 77. Rg4
Rh1+ 1/2-1/2

[Event "División  Honor Aragonesa 2018 "]
[Site "Aragon"]
[Date "2018.02.03"]
[Round "2.1"]
[White "Lana Rodriguez, David"]
[Black "Baron Rodriguez, Jesus"]
[Result "1/2-1/2"]
[WhiteElo "2275"]
[BlackElo "2423"]
[PlyCount "44"]
[EventDate "2018.??.??"]
[EventType "tourn"]
[EventRounds "10"]
[EventCountry "ESP"]
[WhiteTeam "Agrupacion"]
[BlackTeam "Ibercaja"]

1. Nf3 d5 2. d4 Bf5 3. e3 e6 4. c4 c6 5. Bd3 Nf6 6. Nc3 Bxd3 7. Qxd3 Bb4 8. O-O
O-O 9. Bd2 a5 10. Ne2 Nbd7 11. Bxb4 axb4 12. Qb3 Qa5 13. a3 Qa4 14. Qxa4 Rxa4
15. cxd5 Nxd5 16. axb4 Rxb4 17. Rfb1 c5 18. Nc3 N5b6 19. Na2 Ra4 20. Nc3 Rb4
21. Na2 Ra4 22. Nc3 Rb4 1/2-1/2

[Event "División  Honor Aragonesa 2018 "]
[Site "Aragon"]
[Date "2018.02.03"]
[Round "2.2"]
[White "Moreno Gracia, Daniel"]
[Black "Ramon Perez, Jose Luis"]
[Result "0-1"]
[WhiteElo "2309"]
[BlackElo "2215"]
[PlyCount "86"]
[EventDate "2018.??.??"]
[EventType "tourn"]
[EventRounds "10"]
[EventCountry "ESP"]
[WhiteTeam "Ibercaja"]
[BlackTeam "Agrupacion"]

1. Nf3 g6 2. c4 Bg7 3. g3 Nf6 4. Bg2 O-O 5. O-O d6 6. Nc3 c6 7. d4 Bf5 8. Nh4
Be6 9. d5 cxd5 10. cxd5 Bd7 11. Be3 Qa5 12. a3 Rc8 13. Bd4 Na6 14. b4 Qc7 15.
Qd2 b5 16. Rfc1 Qb7 17. e4 Rc4 18. Bf1 Nxe4 19. Nxe4 Rxd4 20. Qe3 Re8 21. Nc3
Nc7 22. Rab1 Nxd5 23. Nxd5 Qxd5 24. Nf3 Bf5 25. Nxd4 Bxd4 26. Qb3 Qb7 27. Bg2
Qb8 28. Rc6 Bxb1 29. Qxb1 Rc8 30. Qd3 Rxc6 31. Bxc6 Qb6 32. Bxb5 Bxf2+ 33. Kg2
Bd4 34. a4 Be5 35. Qf3 Kg7 36. Be8 Bf6 37. b5 e6 38. Qa8 Qc7 39. Bc6 Bd4 40.
Qe8 Bb6 41. g4 d5 42. Kf3 Qe5 43. h3 Qe3+ 0-1